00431 a2200157 4500001000700000040002200007041001600029082001900045100010600064245001500170250001400185260003100199300000700230362001300237490002300250140057 cLeonardo Da Vinci aPortuguês aJ P237cbP237c aNOVAES, Carlos EduardoaOLIVEIRA, José CarlosaDIAFÉRIA, LourençoaVERÍSSIMO, Luís Fernando aCrônicas a3.ed. v.7 bÁticac1982aSão Paulo a92 a19820000 aPara gostar de ler